000 00272nam a2200097Ia 4500
001 938477
005 20250826215125.0
008 250824s9999 xx 000 0 und d
245 0 _aEVLİYA ÇELEBİ SEYAHATNAMESİNDEN SEÇMELER
_cEVLİYA ÇELEBİ
260 _bANONİM YAYINLARI
999 _c938477
_d938477